000
00257nam a22001097a 4500
082
_a
954.91 MAL'M
100
_a
MALIK, HAFEEZ
_9
5622
245
_a
MUSLIM NATIONALISM IN INDIA AND PAKISTAN
260
_a
LAHORE
_b
PEOPLES
_c
1980
300
_a
355P
942
_c
BK
999
_c
580896
_d
580896